|
|
|
|
| LEADER |
00000nam0a2200000 4500 |
| 001 |
66863 |
| 005 |
20231101212302.0 |
| 035 |
|
|
|a (RuTPU)RU\TPU\book\71181
|
| 090 |
|
|
|a 66863
|
| 100 |
|
|
|a 20040908d1962 km y0rusy50 ca
|
| 101 |
1 |
|
|a rus
|c eng
|
| 102 |
|
|
|a RU
|
| 105 |
|
|
|a a z 001zy
|
| 200 |
1 |
|
|a Дефекты в кристаллах
|e пер. с англ.
|f В. Бюрен
|
| 210 |
|
|
|a Москва
|c Изд-во иностранной литературы
|d 1962
|
| 215 |
|
|
|a 584 с.
|c ил.
|
| 320 |
|
|
|a Библиогр.: с. 532-564
|
| 320 |
|
|
|a Именной указатель: с. 567-571
|
| 320 |
|
|
|a Предметный указатель: с. 572-579
|
| 606 |
1 |
|
|a Кристаллы
|x Дефекты
|x (кристаллография)
|2 stltpush
|3 (RuTPU)RU\TPU\subj\68763
|9 83924
|
| 610 |
1 |
|
|a дефекты
|
| 610 |
1 |
|
|a кристаллические решетки
|
| 610 |
1 |
|
|a теория
|
| 610 |
1 |
|
|a металлы
|
| 610 |
1 |
|
|a деформации
|
| 610 |
1 |
|
|a сплавы
|
| 610 |
1 |
|
|a отжиг
|
| 610 |
1 |
|
|a трение
|
| 610 |
1 |
|
|a диффузия
|
| 610 |
1 |
|
|a неметаллические кристаллы
|
| 610 |
1 |
|
|a оптические свойства
|
| 610 |
1 |
|
|a электрические свойства
|
| 675 |
|
|
|a 548.4
|v 3
|
| 700 |
|
1 |
|a Бюрен
|b В.
|g Ван
|
| 801 |
|
1 |
|a RU
|b 63413507
|c 20040908
|g PSBO
|
| 801 |
|
2 |
|a RU
|b 63413507
|c 20210601
|g PSBO
|
| 942 |
|
|
|c BK
|